| 000 | 01439nam a2200397 i 4500 | ||
|---|---|---|---|
| 001 | 41198 | ||
| 003 | KOSZ 005 | ||
| 005 | 20250401130500.0 | ||
| 006 | m fq d | ||
| 007 | co bg nnnuunun | ||
| 008 | 111104s2011 pl a f |000 0 pol | ||
| 020 | _a9788373652408 | ||
| 040 |
_cKOSZ 005 _aKOSZ 005 _dKOSZ 005/HR |
||
| 046 | _k2011 | ||
| 080 | _a629.33 | ||
| 080 | _a621.3 | ||
| 080 | _a(075.8) | ||
| 080 | _a(0.034.44) | ||
| 100 | 1 |
_aDuer, Stanisław _eAutor |
|
| 245 | 1 | 0 |
_aLaboratorium elektrotechniki samochodowej _h[Dokument elektroniczny]. _nT. 2 / _cStanisław Duer, Konrad Zajkowski. |
| 260 |
_aKoszalin : _bWydawnictwo Uczelniane Politechniki Koszalińskiej, _c2010. |
||
| 300 |
_a1 dysk optyczny (CD-ROM) ; _c12 cm. |
||
| 380 | _aE-booki | ||
| 500 | _aTyt. z ekranu tytułowego. | ||
| 650 | 4 | _aSamochody | |
| 650 | 4 | _aElektrotechnika | |
| 655 | 4 | _aPodręczniki akademickie | |
| 655 | 4 | _aDokumenty elektroniczne | |
| 658 | _aTransport i logistyka | ||
| 658 | _aInżynieria i technika | ||
| 700 | 1 |
_aZajkowski, Konrad _eAutor |
|
| 710 | 2 |
_aWydawnictwo Uczelniane (Politechnika Koszalińska) _eWydawca |
|
| 856 |
_uhttp://koha.tu.koszalin.pl/cgi-bin/koha/opac-detail.pl?biblionumber=41198 _yKatalog online BPK |
||
| 856 |
_uhttp://dlibra.tu.koszalin.pl/dlibra/docmetadata?id=37&from=&dirids=1&ver_id=&lp=1&QI= _yBiblioteka Cyfrowa |
||
| 942 |
_cCD _2UKD |
||
| 999 |
_c41198 _d41198 |
||